000 01213cam a22003375i 4500
999 _c28440
_d28411
001 14298979
003 EG-ScBUE
005 20200811141635.0
008 060314r20132006maua f b 001 0 eng d
020 _a0240807383 (pbk.)
020 _a9780240807386
035 _a(OCoLC)ocm61129185
040 _aUKM
_beng
_erda
_cUKM
_dBAKER
_dBWKUK
_dDLC
_dEG-ScBUE
082 0 4 _a778.590285
_bEVA
_222
100 1 _aEvans, Russell,
_d1966-
_eauthor.
245 1 0 _aPractical DV filmmaking /
_cRussell Evans.
250 _aSecond edition.
250 _aReprinted edition.
264 1 _aBurlington, MA :
_bFocal Press / Taylor & Francis Group,
_c2013.
300 _axiv, 408 pages :
_billustrations ;
_c25 cm
336 _atext
_btxt
_2rdacontent
337 _aunmediated
_bn
_2rdamedia
338 _avolume
_bnc
_2rdacarrier
504 _aIncludes bibliographical references and index.
650 7 _aDigital video
_vAmateurs' manuals.
_2BUEsh
653 _bCOMAME
_cJuly2020
655 _vReading book
_934232
856 4 1 _3Table of contents only
_uhttp://www.loc.gov/catdir/toc/fy0608/2006273070.html
856 4 2 _3Publisher description
_uhttp://www.loc.gov/catdir/enhancements/fy0632/2006273070-d.html
942 _2ddc
_cBB